Social Surveys : (Record no. 607524)

MARC details
000 -LEADER
fixed length control field 00474nam a2200193 a 4500
001 - CONTROL NUMBER
control field 1767765542621
003 - CONTROL NUMBER IDENTIFIER
control field YourLibrary
005 - DATE AND TIME OF LATEST TRANSACTION
control field 20260107144640.0
008 - FIXED-LENGTH DATA ELEMENTS--GENERAL INFORMATION
fixed length control field 260107s2002##################000#0#eng##
020 ## - INTERNATIONAL STANDARD BOOK NUMBER
International Standard Book Number 9780761973386
082 04 - DEWEY DECIMAL CLASSIFICATION NUMBER
Classification number 300.723
Item number DEV.4
040 ## - CATALOGING SOURCE
Original cataloging agency YourLibrary
Language of cataloging eng
Transcribing agency YourLibrary
100 1# - MAIN ENTRY--PERSONAL NAME
Personal name Vaus, D. A. De,
Relator term author.
245 10 - TITLE STATEMENT
Title Social Surveys :
260 ## - PUBLICATION, DISTRIBUTION, ETC.
Date of publication, distribution, etc. 2002.
300 ## - PHYSICAL DESCRIPTION
Extent 432 pages
650 #0 - SUBJECT ADDED ENTRY--TOPICAL TERM
Topical term or geographic name entry element Social surveys.
942 ## - ADDED ENTRY ELEMENTS (KOHA)
Koha item type English Books
Holdings
Withdrawn status Lost status Damaged status Not for loan Home library Current library Shelving location Date acquired Total Checkouts Full call number Barcode Date last seen Price effective from Koha item type
        Anna Centenary Library Anna Centenary Library 3RD FLOOR, B WING 07.01.2026   300.723 DEV.4 114126 07.01.2026 07.01.2026 English Books
        Anna Centenary Library Anna Centenary Library 3RD FLOOR, B WING 07.01.2026   300.723 DEV.2 114124 07.01.2026 07.01.2026 English Books
        Anna Centenary Library Anna Centenary Library 3RD FLOOR, B WING 07.01.2026   300.723 DEV.1 114123 07.01.2026 07.01.2026 English Books
        Anna Centenary Library Anna Centenary Library 3RD FLOOR, B WING 07.01.2026   300.723 DEV.3 114125 07.01.2026 07.01.2026 English Books

Find us on the map